Анализ использования борида вольфрама в качестве защитного материала для улучшения контейнеров для транспортировки РАО; Физико-технические проблемы в науке, промышленности и медицине

Bibliographische Detailangaben
Parent link:Физико-технические проблемы в науке, промышленности и медицине.— 2016.— [С. 68-69]
1. Verfasser: Бородай А. Ю.
Körperschaft: Национальный исследовательский Томский политехнический университет (ТПУ)
Weitere Verfasser: Клюкин Н. М., Кузнецов Е. В.
Zusammenfassung:Заглавие с экрана
Sprache:Russisch
Veröffentlicht: 2016
Schriftenreihe:Инновационные материалы и технологии в ядерной и "зеленой" энергетике
Schlagworte:
Online-Zugang:http://earchive.tpu.ru/handle/11683/31196
Format: MixedMaterials Elektronisch Buchkapitel
KOHA link:https://koha.lib.tpu.ru/cgi-bin/koha/opac-detail.pl?biblionumber=619158

MARC

LEADER 00000naa2a2200000 4500
001 619158
005 20231101133040.0
035 |a (RuTPU)RU\TPU\conf\17562 
035 |a RU\TPU\conf\17561 
090 |a 619158 
100 |a 20160810d2016 k y0rusy50 ca 
101 0 |a rus 
102 |a RU 
105 |a y z 101zy 
135 |a drgn ---uucaa 
181 0 |a i  
182 0 |a b 
200 1 |a Анализ использования борида вольфрама в качестве защитного материала для улучшения контейнеров для транспортировки РАО  |f А. Ю. Бородай, Н. М. Клюкин, Е. В. Кузнецов 
203 |a Текст  |c электронный 
225 1 |a Инновационные материалы и технологии в ядерной и "зеленой" энергетике 
230 |a 1 компьютерный файл (pdf; 541 Кb) 
300 |a Заглавие с экрана 
320 |a [Библиогр.: с. 69 (2 назв.)] 
463 0 |0 (RuTPU)RU\TPU\conf\17455  |t Физико-технические проблемы в науке, промышленности и медицине  |o сборник тезисов докладов VIII Международной научно-практической конференции, г. Томск, 1-3 июня 2016 г.  |f Национальный исследовательский Томский политехнический университет (ТПУ) ; под ред. О. Ю. Долматова [и др.]  |v [С. 68-69]  |d 2016 
610 1 |a труды учёных ТПУ 
610 1 |a электронный ресурс 
610 1 |a борид вольфрама 
610 1 |a защитные материалы 
610 1 |a контейнеры 
610 1 |a транспортировка 
610 1 |a защитные слои 
610 1 |a радиоактивные отходы 
700 1 |a Бородай  |b А. Ю. 
701 1 |a Клюкин  |b Н. М. 
701 1 |a Кузнецов  |b Е. В. 
712 0 2 |a Национальный исследовательский Томский политехнический университет (ТПУ)  |c (2009- )  |2 stltpush  |3 (RuTPU)RU\TPU\col\15902 
801 2 |a RU  |b 63413507  |c 20160826  |g RCR 
856 4 |u http://earchive.tpu.ru/handle/11683/31196 
942 |c BK